000 00761nam a2200241 a 4500
001 4331139
005 20180129033158.0
008 880519s1988 enk b 001 0 eng
010 _a 88061483
020 _a080398166X
040 _aDLC
_cDLC
_dDLC
041 _aeng
043 _aa-ii---
_ae-uk-en
080 _a302.350942 TAY
082 0 0 _a302.350942 TAY
_220
100 1 _a52
101 _aEKO
245 1 0 _aOrganizations and national culture :
_cMonir H. Tayeb.
504 _aIncludes bibliographical references (p. [161]-171) and index.
906 _a7
_bcbc
_corignew
_d2
_eopcn
_f19
_gy-gencatlg
942 _2ddc
_cBK
999 _c41111
_d41111